| 000 | 00000nam 2200000zi 4500 |
| 001 | 9.922196 |
| 003 | CaOODSP |
| 005 | 20230503105136 |
| 006 | m o d f |
| 007 | cr |n |||||||| |
| 008 | 230503t20022002oncb ob f|0| 0 eng d |
| 040 | |aCaOODSP|beng|erda|cCaOODSP |
| 041 | |aeng|afre |
| 043 | |an-cn--- |
| 086 | 1 |aEn56-173/2002-PDF |
| 245 | 10|aSea ice climatic atlas, northern Canadian waters, 1971-2000 = |bAtlas climatique des glaces de mer, eaux du nord canadien, 1971-2000 / |cCanadian Ice Service / Service canadien des glaces. |
| 246 | 11|aAtlas climatique des glaces de mer, eaux du nord canadien, 1971-2000 |
| 264 | 1|a[Ottawa] : |bEnvironment Canada = Environnement Canada, |c2002. |
| 264 | 4|c©2002 |
| 300 | |a1 online resource (1 volume (various pagings)) : |bmaps |
| 336 | |atext|btxt|2rdacontent |
| 337 | |acomputer|bc|2rdamedia |
| 338 | |aonline resource|bcr|2rdacarrier |
| 504 | |aIncludes bibliographical references (pages 47-48). |
| 546 | |aText in English and in French. |
| 650 | 0|aSea ice|zCanada, Northern|vAtlases. |
| 655 | 7|aAtlases|2lcgft |
| 710 | 1 |aCanada.|bEnvironment Canada. |bCanadian Ice Service, |eissuing body. |
| 776 | 0#|tSea ice climatic atlas: northern Canadian waters, 1971-2000 |w(CaOODSP)9.663781 |
| 792 | |tSea ice climatic atlas, northern Canadian waters, 1971-2000 = |efre|w(CaOODSP)9.922199 |
| 856 | 40|qPDF|s49.18 MB|uhttps://publications.gc.ca/collections/collection_2023/eccc/En56-173-2002.pdf |